00345 2200145 4500001002100000005001500021035002000036245004000056100002100096300001200117260003600129082000800165084001400173990001200187INLIS00000000000233020250528095633 a0010-05250006221 aMata yang Malas /cFX. Rudi Gunawan0 aFX. Rudi Gunawan a200 hlm aJakarta :bPustaka Utama,c2002 a813 a813 FX. m a0712612